Normal view MARC view

Entry Términos de género/forma

Number of records used in: 16

001 - NÚMERO DE CONTROL

  • campo de control: 25331

003 - IDENTIFICADOR DEL NÚMERO DE CONTROL

  • campo de control: OSt

005 - FECHA Y HORA DE LA ÚLTIMA TRANSACCIÓN

  • campo de control: 20250523064146.0

008 - DATOS DE LONGITUD FIJA

  • campo de control de longitud fija: 250523|| aca||babn | a|a d

040 ## - FUENTE DE LA CATALOGACIÓN

  • Centro catalogador/agencia de origen: OSt

155 ## - ENCABEZAMIENTO--TÉRMINO DE GÉNERO/FORMA

  • Término de género/forma: Self-instructional works

Powered by Koha